01362 2200193 4500001002100000005001500021035002000036008004100056245002100097100001100118250000600129260003600135300001200171084001400183082000800197650001000205520094100215990001201156INLIS00000000000128220240521015550 a0010-0524000517240521 1 ind 1 aCermin /cMinona aMinona a1 aJakarta :bBhuana Sastra,c2015 a201 hlm a813 MIN c a813 4aFiksi aGina ingin langsing. Gina ingin dilirik, ingin jadi gadis yang tidak hanya dipandang sebelah mata. Gina ingin berhenti makan cheesecake dan menarik perhatian George, pria paling seksi di kantornya. Di hari terburuknya--saat ia memergoki pacarnya, Jake, tidur dengan wanita lain--ia mendapati bayangannya hidup dan ingin membantu Gina untuk menjadikan dirinya wanita yang lebih baik. Gina pun mendapat sahabat yang mendorong dan selalu ada untuknya. Bayangannya yang bernama Gi itu merubah penampilannya menjadi super seksi, melakukan presentasi memukau di depan klien, bahkan menggaet pria untuk Gina. Sementara itu, Gina berada di dalam cermin, dunia cermin. Gina lalu mendapatkan semua yang diinginkannya. Ia menjadi dirinya yang baru. Ia juga menemukan cinta baru dengan orang yang tak pernah diduganya selama ini. Namun, saat semua berubah baik, pelan-pelan bayangannya itu ingin merenggut cintanya, posisinya, dan juga hidupnya.... a0744154